The Van Gogh Cafe / (Record no. 3995)

MARC details
000 -LEADER
fixed length control field 00996cam a2200337 a 4500
001 - CONTROL NUMBER
control field 3995
003 - CONTROL NUMBER IDENTIFIER
control field FISKH
005 - DATE AND TIME OF LATEST TRANSACTION
control field 20250507080300.0
008 - FIXED-LENGTH DATA ELEMENTS--GENERAL INFORMATION
fixed length control field 941102s1995 cau j 000 1 eng
010 ## - LIBRARY OF CONGRESS CONTROL NUMBER
LC control number 94043348
020 ## - INTERNATIONAL STANDARD BOOK NUMBER
International Standard Book Number 0152008438 :
020 ## - INTERNATIONAL STANDARD BOOK NUMBER
International Standard Book Number 9780152057503
040 ## - CATALOGING SOURCE
Original cataloging agency DLC
Transcribing agency DLC
Modifying agency DLC
Language of cataloging eng
042 ## - AUTHENTICATION CODE
Authentication code lcac
050 00 - LIBRARY OF CONGRESS CALL NUMBER
Classification number PZ7.R982
Item number Van 1995
082 ## - DEWEY DECIMAL CLASSIFICATION NUMBER
Classification number 808.899
100 1# - MAIN ENTRY--PERSONAL NAME
Personal name Rylant, Cynthia.
245 14 - TITLE STATEMENT
Title The Van Gogh Cafe /
Statement of responsibility, etc. Cynthia Rylant.
250 ## - EDITION STATEMENT
Edition statement First Harcourt Paperback in 2006
260 ## - PUBLICATION, DISTRIBUTION, ETC.
Place of publication, distribution, etc. New York :
Name of publisher, distributor, etc. Harcourt Brace,
Date of publication, distribution, etc. 1995.
300 ## - PHYSICAL DESCRIPTION
Extent 53 pages ;
Dimensions 20 cm
505 ## - FORMATTED CONTENTS NOTE
Formatted contents note U<br/>
520 ## - SUMMARY, ETC.
Summary, etc. The Van Gogh Cafe, located in Flowers, Kansas, has magic in its walls, causing strange and mysterious events to occur there.
521 8# - TARGET AUDIENCE NOTE
Target audience note 810<br/>
Source Lexile <br/>
521 8# - TARGET AUDIENCE NOTE
Target audience note U<br/>
Source Raz-Plus<br/>
650 #1 - SUBJECT ADDED ENTRY--TOPICAL TERM
Topical term or geographic name entry element Restaurants
Geographic subdivision Fiction.
650 #1 - SUBJECT ADDED ENTRY--TOPICAL TERM
Topical term or geographic name entry element Magic
Geographic subdivision Fiction.
906 ## - LOCAL DATA ELEMENT F, LDF (RLIN)
a 7
b cbc
c orignew
d 1
e ocip
f 19
g y-gencatlg
942 ## - ADDED ENTRY ELEMENTS (KOHA)
Source of classification or shelving scheme Dewey Decimal Classification
Koha item type Books
Suppress in OPAC No
Holdings
Withdrawn status Lost status Source of classification or shelving scheme Damaged status Not for loan Collection Home library Current library Shelving location Date acquired Total Checkouts Full call number Barcode Date last seen Copy number Price effective from Koha item type
    Dewey Decimal Classification     Fiction Footprints International School Library Network Toul Kork Campus Footprints International School Library Network Toul Kork Campus A TK Campus, 4th Floor, Room B401, Fiction Bookcases (1-6) 05/29/2024   RYL 808.899 PZ7.R982 FISTK00610 05/29/2024 1 05/29/2024 Books